| 000 | 00606nam a2200193 a 4500 | ||
|---|---|---|---|
| 001 | 376 | ||
| 003 | CDMR | ||
| 005 | 20131021140223.0 | ||
| 008 | 130130s1988||||||||||||||||||||||||||||d | ||
| 020 | _a0814730159 | ||
| 040 |
_aCDMR _bcat _cCDMR |
||
| 100 | 1 |
_aGreco, Albert Nicholas _9261 |
|
| 245 | 1 | 0 |
_aBusiness Journalism _b: management notes and cases _cAlbert N. Greco |
| 260 |
_aNew York, _aLondon _c1988 _bNew York University Press |
||
| 300 |
_a265 p ; _c23 cm |
||
| 650 | 0 | 4 |
_aRevistes d'empresa _91819 _zEstats Units |
| 650 | 0 | 4 |
_aEmpreses periodÃstiques _93665 _xDirecció i administració |
| 942 |
_cMON _2udc |
||
| 999 |
_c376 _d376 |
||